Language Quiz

Random Language or Letter Quiz

Find The Missing Letter Quiz Stats

 Plays Quiz Updated Jul 22, 2014

Challenge
Share
Tweet
Embed
Score 0/31 Timer 02:00
2 Plays Today
Wrong Word Letter % Correct
stucture???
93%
belieable???
90.9%
dicipline???
90%
prnunciation???
89.5%
aparent???
89.5%
parlament???
89.1%
paralel???
89.1%
fluorescnt???
86.2%
aquire???
85.2%
acnowledge???
84.7%
rhme???
84.6%
accidentaly???
84.4%
segeant???
84.1%
tomrrow???
80.2%
noticable???
79.9%
posession???
79.4%
Wrong Word Letter % Correct
playright???
77.7%
independnt???
75.7%
pronuciation???
73.6%
fahreheit???
73.1%
clumn???
69.8%
seprate???
67%
acuum???
66%
hankerchief???
65.2%
aiquiri???
65%
twelfh???
64.3%
sensile???
61.5%
tyrann???
53.9%
privlege???
47.9%
cemetry???
47.8%
onomatopeia???
33%

You're not logged in!

Compare scores with friends on all Sporcle quizzes.
Join for Free
OR
Log In

You Might Also Like...

Show Comments

Extras

Top Quizzes Today


Score Distribution

Your Account Isn't Verified!

In order to create a playlist on Sporcle, you need to verify the email address you used during registration. Go to your Sporcle Settings to finish the process.

Report this User

Report this user for behavior that violates our Community Guidelines.

Details: